| 000 | 00525nam a2200181Ia 4500 | ||
|---|---|---|---|
| 008 | 090123s9999 xx 000 0 und d | ||
| 082 | _b39872 | ||
| 100 | _aहरकारे अरुण | ||
| 245 | _aकाखेत कळसा | ||
| 250 | _a1 | ||
| 260 |
_bगीता एजन्सीज _c2006 |
||
| 300 | _a216 | ||
| 600 | _aहरकारे अरुण | ||
| 630 | _aकाखेत कळसा | ||
| 700 | _aहरकारे अरुण | ||
| 730 | _aकाखेत कळसा | ||
| 942 | _cBOOK | ||
| 999 |
_c77944 _d77944 |
||